00281nam a2200109Ia 4500008004100000041001200041100001300053245007600066260000600142650000600148700001700154221030s9999 xx 000 0 und d aEnglish aK. Hwang 0aComputer Archintecture & Parallel Processingcby K. Hwang, F. A. Briggs c0 aB aF. A. Briggs